000 00447nam a2200193Ia 4500
003 OSt
005 20221007082540.0
006 a|||||r|||| 00| 0
007 ta
008 221006b |||||||| |||| 00| 0 eng d
024 _a20,938
037 _cTextual
040 _aFLL
_cFLL
_beng
041 _2eng
_aeng
100 _aRamaiya
_9633366
245 0 _aGuide to companies act
942 _cTEXL
_2CC
999 _c1166815
_d1166815